Residential construction [ electrical wiring
| Format: | Book |
|---|---|
| Published: |
New Jersey :
Meridian Education Corporation ,
2001
|
| Subjects: |
MARC
| LEADER | 00000cam a2200000 7i4500 | ||
|---|---|---|---|
| 001 | 0000017370 | ||
| 005 | 20061129.0 | ||
| 040 | |a INS | ||
| 090 | 0 | 0 | |a TK3271 2001 |
| 245 | 0 | 0 | |a Residential construction [ |h video recording] : |b electrical wiring |
| 260 | |a New Jersey : |b Meridian Education Corporation , |c 2001 | ||
| 300 | |a 1 Video cassette(VHS) : |b sd.,col. ; |c 1/2 in. | ||
| 650 | 0 | 0 | |a Electrical wiring |x Interior |
| 999 | |a VHS1034 |b VIDEO |c Media Collection |e Default branch | ||